000 00426nam a2200157Ia 4500
008 230711s9999||||xx |||||||||||||| ||und||
041 _aENG
082 _a624
_bBU-I
100 _aBureau of Indian Standard
245 0 _aIS : 456 1978
_bCode of practice for plain & reinforced concrete
250 _a3rd
260 _c1978
_aNew Delhi
_bBureau of Indian Standard
300 _a148
650 _aCivil Engineering
942 _cBK
999 _c7801
_d7801